Online
Catalog

Voces del Este : (Record no. 46184)

MARC details
000 -CABECERA
campo de control de longitud fija 01188nam a2200265 a 4500
001 - NÚMERO DE CONTROL
campo de control 000046695
005 - FECHA Y HORA DE LA ÚLTIMA TRANSACCIÓN
campo de control 20201002053043.0
008 - DATOS DE LONGITUD FIJA--INFORMACIÓN GENERAL
campo de control de longitud fija 180316s2017 dr 000 p spa d
020 ## - NÚMERO INTERNACIONAL ESTÁNDAR DEL LIBRO
Número Internacional Estándar del Libro 9789945492989
040 ## - FUENTE DE LA CATALOGACIÓN
Centro catalogador/agencia de origen DO-SdBNP
Lengua de catalogación spa
Centro/agencia transcriptor BNPHU
082 ## - NÚMERO DE LA CLASIFICACIÓN DECIMAL DEWEY
Número de clasificación xxxx
Número de documento/Ítem F356v
111 2# - ENTRADA PRINCIPAL--NOMBRE DE CONGRESO/REUNIÓN
Nombre de congreso/reunión o jurisdicción como elemento de entrada XII Feria Regional del Libro Hato Mayor 2016
Fecha del congreso/reunión (2016)
9 (RLIN) 74646
245 13 - MENCIÓN DE TÍTULO
Título Voces del Este :
Resto del título poemas ganadores del centamen de la Región Este /
Mención de responsabilidad, etc. Joel Julio García...[et al.].
260 ## - PUBLICACIÓN, DISTRIBUCIÓN, ETC.
Lugar de publicación, distribución, etc. Santo Domingo :
Nombre del editor, distribuidor, etc. Nacional,
Fecha de publicación, distribución, etc. 2017.
300 ## - DESCRIPCIÓN FÍSICA
Extensión 29 p. ;
Dimensiones 21 cm.
490 1# - MENCIÓN DE SERIE
Mención de serie Poesía
505 0# - NOTA DE CONTENIDO CON FORMATO
Título Sueños en el vacio /
Mención de responsabilidad Joel Julio García /
Información miscelánea 1er. lugar --
Título El crepúsculo que siempre se marcha /
Mención de responsabilidad Ivania Edelmira Henríquez /
Información miscelánea 2do. lugar --
Título Infierno de papel /
Mención de responsabilidad Sandra Berroa /
Información miscelánea 3er. lugar --
Título Anhelos /
Mención de responsabilidad Flérida González /
Información miscelánea Mención --
Título Asumo y presumo /
Mención de responsabilidad Ramón Perdomo /
Información miscelánea Mención --
Título Cometas /
Mención de responsabilidad Esmarlin Moreta /
Información miscelánea Mención --
590 ## - NOTA LOCAL (RLIN)
Nota local Inventariado, 2018/ YL
700 12 - PUNTO DE ACCESO ADICIONAL--NOMBRE DE PERSONA
Nombre de persona García, Joel Julio
9 (RLIN) 74647
700 12 - PUNTO DE ACCESO ADICIONAL--NOMBRE DE PERSONA
Nombre de persona Henríquez, Ivania Edelmira
9 (RLIN) 74648
700 12 - PUNTO DE ACCESO ADICIONAL--NOMBRE DE PERSONA
Nombre de persona Berroa, Sandra
9 (RLIN) 74649
700 12 - PUNTO DE ACCESO ADICIONAL--NOMBRE DE PERSONA
Nombre de persona González, Flérida
9 (RLIN) 74650
700 12 - PUNTO DE ACCESO ADICIONAL--NOMBRE DE PERSONA
Nombre de persona Perdomo, Ramón
9 (RLIN) 17744
830 #0 - PUNTO DE ACCESO ADICIONAL DE SERIE-TÍTULO UNIFORME
Título uniforme Poesía
9 (RLIN) 1183
Holdings
Estado de retiro Estado de pérdida Restricciones de uso No para préstamo Código de colección Localización permanente Ubicación/localización actual Ubicación en estantería Fecha de adquisición Número de inventario Total de préstamos Signatura topográfica completa Código de barras Fecha visto por última vez Número de copia Precio válido a partir de Tipo de ítem Koha
        Dominicana de Servicio General General Depósito 19.03.2018 LF1   xxxx F356v 46695-30 25.06.2020 e. 3 25.06.2020 Libro y Folleto Colección Dominicana de Servicio
        Dominicana de Servicio General General Depósito 19.03.2018 LF1   xxxx F356v 46695-40 25.06.2020 e. 4 25.06.2020 Libro y Folleto Colección Dominicana de Servicio
        Dominicana de Servicio General General Depósito 19.03.2018 LF1   xxxx F356v 46695-50 25.06.2020 e. 5 25.06.2020 Libro y Folleto Colección Dominicana de Servicio
      Excluido de préstamo Patrimonio Dominicano Patrimonio Dominicano Patrimonio Dominicano Depósito 19.03.2018 LF1   xxxx F356v 46695-10 25.06.2020   25.06.2020 Libro y Folleto Colección Patrimonio Dominicano
      Excluido de préstamo Patrimonio Dominicano Patrimonio Dominicano Patrimonio Dominicano Depósito 19.03.2018 LF1   xxxx F356v 46695-20 25.06.2020 e. 2 25.06.2020 Libro y Folleto Colección Patrimonio Dominicano

Powered by Koha